00880cam a22002414a 450000100060000000300090000600500170001500800410003202000250007304000130009804100080011108200200011910000400013924500730017926000550025230000340030750400530034165000430039465000310043794200080046899900170047695201450049311291IN-BhIIT20260107121035.0981208s2000 enka b 001 0 eng  a9780521585293 (pbk.) aIN-BhIIT aeng00a330.0151bFUE/M1 aFuente, Angel de la.eAuthor92615610aMathematical methods and models for economists /cAngel De La Fuente aNew York, NY :bCambridge University Press,c2000. axii, 835 p. :bill. ;c26 cm. aIncludes bibliographical references and indexes. 0aEconomicsxStatistical methods.926157 0aMathematical models.99262 cTRB c14691d14691 00102ddc40708SHSSMaCLIITBBSbCLIITBBSd2025-03-18e31g4076.12l0o330.0151 FUE/Mp11291r2025-03-18 00:00:00v5583.73w2025-03-18yTRB